MARC

LEADER 00000cam a22000004a 4500
001 musev2_43864
003 MdBmJHUP
005 20230905044606.0
006 m o d
007 cr||||||||nn|n
008 151216s2016 scu o 00 0 eng d
020 |a 9781611176209 
020 |z 9781611177350 
020 |z 9781611176193 
035 |a (OCoLC)932290404 
040 |a MdBmJHUP  |c MdBmJHUP 
100 1 |a Damron, Carla,  |e author. 
245 1 4 |a The Stone Necklace :   |b A Novel /   |c Carla Damron. 
264 1 |a Columbia, SC :  |b University of South Carolina Press,  |c [2016] 
264 3 |a Baltimore, Md. :  |b Project MUSE,   |c 2016 
264 4 |c ©[2016] 
300 |a 1 online resource (288 pages). 
336 |a text  |b txt  |2 rdacontent 
337 |a computer  |b c  |2 rdamedia 
338 |a online resource  |b cr  |2 rdacarrier 
490 0 |a Story river books 
588 |a Description based on print version record. 
650 7 |a Widows.  |2 fast  |0 (OCoLC)fst01174951 
650 7 |a Nurses.  |2 fast  |0 (OCoLC)fst01041618 
650 7 |a Mothers.  |2 fast  |0 (OCoLC)fst01026940 
650 7 |a Homeless men.  |2 fast  |0 (OCoLC)fst01201464 
650 7 |a FICTION  |x General.  |2 bisacsh 
650 6 |a Meres  |z Caroline du Sud  |z Columbia  |v Romans, nouvelles, etc. 
650 6 |a Hommes sans-abri  |z Caroline du Sud  |z Columbia  |v Romans, nouvelles, etc. 
650 6 |a Infirmieres  |z Caroline du Sud  |z Columbia  |v Romans, nouvelles, etc. 
650 6 |a Veuves  |z Caroline du Sud  |z Columbia  |v Romans, nouvelles, etc. 
650 0 |a Mothers  |z South Carolina  |z Columbia  |v Fiction. 
650 0 |a Homeless men  |z South Carolina  |z Columbia  |v Fiction. 
650 0 |a Nurses  |z South Carolina  |z Columbia  |v Fiction. 
650 0 |a Widows  |z South Carolina  |z Columbia  |v Fiction. 
651 7 |a South Carolina  |z Columbia.  |2 fast  |0 (OCoLC)fst01206785 
655 7 |a Fiction.  |2 fast  |0 (OCoLC)fst01423787 
655 7 |a Electronic books.   |2 local 
710 2 |a Project Muse.  |e distributor 
830 0 |a Book collections on Project MUSE. 
856 4 0 |z Texto completo  |u https://projectmuse.uam.elogim.com/book/43864/ 
945 |a Project MUSE - Custom Collection 
945 |a Project MUSE - 2016 Complete 
945 |a Project MUSE - 2016 Poetry, Fiction and Creative Non-Fiction